| 000 | 01356nam a2200313 i 4500 | ||
|---|---|---|---|
| 003 | OSt | ||
| 005 | 20210816135307.0 | ||
| 008 | 210815s2020 si ao g 000 0 eng d | ||
| 020 |
_a9789811224164 _cRM79.90 _qhardback |
||
| 040 |
_aPPAK _beng _cPPAK _erda |
||
| 082 | 0 | 4 |
_223 _a649.1 |
| 090 | 0 | 0 |
_a649.1 _bSOR _dG |
| 100 | 1 |
_aSor, Fynn, _eauthor. |
|
| 245 | 1 | 0 |
_aThe Happy Learning Book FOR SIBLING : _b50 Awesome Activities for Siblings to Learn and Play Together at Home / _cFynn Sor |
| 246 | 3 | _a50 awesome activities for siblings to learn and play together at home | |
| 246 | 3 | _aFifty awesome activities for siblings to learn and play together at home | |
| 264 | 1 |
_aSingapore : _bWS Education, _c[2020] |
|
| 300 |
_a144 pages : _bcolour photographs ; _c26 cm |
||
| 336 |
_2rdacontent _atext |
||
| 337 |
_2rdamedia _aunmediated |
||
| 338 |
_2rdacarrier _avolume |
||
| 520 | _aFeatures 50 hands-on activites you can conduct in the comfort of your home. They are divided into five learning areas - Literacy, Numeracy, Discover of the world, Motor skills, and Sensory play, arts and crafts. Each project is scaled for children of different ages to experience together. | ||
| 650 | 1 | 0 | _aChild rearing |
| 650 | 2 | 0 |
_aBrothers and sisters _vRecreation |
| 650 | 2 | 0 | _aLearning |
| 650 | 2 | 0 | _aPlay |
| 700 | 1 |
_aWan, Ruth, _d1976- _eeditor. |
|
| 942 |
_2ddc _cB |
||
| 999 |
_c184668 _d184668 |
||